|
|
|
|
| LEADER |
01169nam a22002297a 4500 |
| 001 |
31270 |
| 003 |
BD-DhAAL |
| 008 |
171129t2006 b a|||| ||||f00| 0 ben d |
| 999 |
|
|
|c 38678
|d 38678
|
| 082 |
|
|
|2 22
|a 378.33095492
|
| 245 |
|
|
|a ৩৩তম বার্ষিক প্রতিবেদন ২০০৬
|
| 260 |
|
|
|a ঢাকা :
|b বাংলাদেশ বিশ্ববিদ্যালয় মঞ্জুরী কমিশন ;
|c ২০০৬
|
| 300 |
|
|
|a ৩৩৬ পৃষ্ঠা :
|b চিত্র ;
|c ২৪ সে.মি.
|
| 526 |
|
|
|a AAL
|
| 541 |
|
|
|a Complementary copy
|e 31270
|
| 650 |
|
|
|a Education, Higher
|z Bangladesh
|v Periodicals
|9 24097
|
| 650 |
|
|
|a Government aid to higher education
|z Bangladesh
|v Periodicals
|9 24097
|
| 651 |
|
|
|a Bangladesh
|x University Grants Commission
|v Periodicals
|9 24097
|
| 710 |
|
|
|a বাংলাদেশ বিশ্ববিদ্যালয় মঞ্জুরী কমিশন
|9 24098
|
| 852 |
|
|
|a Ayesha Abed Library
|c General Stacks
|
| 942 |
|
|
|2 ddc
|c BK
|
| 952 |
|
|
|0 0
|1 0
|2 ddc
|4 0
|6 378_330954920000000_BAR
|7 0
|9 62066
|a BRACUL
|b BRACUL
|c GEN
|d 2017-11-29
|l 0
|o 378.33095492 BAR
|p 3010031270
|r 2017-11-29
|t 1
|w 2017-11-29
|y BK
|